=LDR 00000nam 2200000 4500 =001 NUTBA000000000001300 =005 20140421141414.0 =006 =007 =008 =035 ##$$a 0010-041400000000570 =082 ##$$a 028.5 =090 ##$$a 028.5 $b han a =100 ##$$a Kyeol,han $t eq biografi albert schweitzer =245 ##$$a eq biografi albert schweitzer =260 ##$$a Jakarta $b pt elex media komputindo $c 2010 =300 ##$$a 159 hlm $b ilus $c 23 cm. =850 ##$$a NBPBMAT =990 ##$$a 94546/BPAP-NTB/2014 =990 ##$$a 21400613/BPAP-NTB/20142014